000
00259nam a2200121Ia 4500
100
_a
Kapoor/V.K
942
_c
BK
654
_a
Operation
245
_a
Operation Research
260
_b
Sultan Chand & Sons
_a
NewDelhi
_c
1983
300
_a
328
546
_a
ENGLISH
999
_c
35523
_d
35523